000 00978cam a2200301 a 4500
001 15780427
005 20180307075723.0
008 090618s2010 maua b 001 0 eng
010 _a 2009024984
015 _aGBA9B4953
_2bnb
016 7 _a015431739
_2Uk
020 _a9780136088509 (casebound : alk. paper)
020 _a0136088503 (casebound : alk. paper)
020 _a9780136088523 (hbk.)
020 _a013608852X (hbk.)
035 _a(OCoLC)ocn297146329
040 _aDLC
_cDLC
_dYDX
_dBTCTA
_dYDXCP
_dUKM
_dCDX
_dDLC
041 _aeng
080 _a658.4013 fos
082 0 0 _a658.4013 fos
_222
100 1 _a54
101 _aman
245 1 0 _aManaging quality :
_cS. Thomas Foster.
504 _aIncludes bibliographical references and index.
906 _a7
_bcbc
_corignew
_d1
_eecip
_f20
_gy-gencatlg
942 _2ddc
_cBK
999 _c44317
_d44317